| 000 | 00361 a2200157 4500 | ||
|---|---|---|---|
| 001 | 75451 | ||
| 020 | _a9788510064606 | ||
| 040 | _cAnchieta - Colégio São Paulo | ||
| 100 | _aMocellin, Renato | ||
| 240 | 1 | 0 |
_aHistória em debate, 2 _lpor |
| 245 | 1 | 0 | _aHistória em debate, 2 |
| 300 | _a384 | ||
| 362 | 0 | _a2016 | |
| 650 | 4 | _aHistória do mundo | |
| 942 | _cBK | ||
| 999 |
_c75451 _d75451 |
||